A nyelv olykor leigáz beszélgetés Odorics Ferenc docenssel /
Elmentve itt :
| Szerző: | |
|---|---|
| Dokumentumtípus: | Cikk |
| Megjelent: |
1997-04-21
|
| Sorozat: | Délmagyarország
87 No. 92 |
| Kulcsszavak: | Odorics Ferenc |
| Online Access: | http://dmarchiv.bibl.u-szeged.hu/98056 |
| LEADER | 00497nab a2200157 i 4500 | ||
|---|---|---|---|
| 001 | delm98056 | ||
| 005 | 20191018105442.0 | ||
| 008 | 191018s1997 hu o 0|| hun d | ||
| 040 | |a SZTE Délmagyarország Archívum |b hun | ||
| 041 | |a hun | ||
| 100 | 1 | |a Podmaniczky Szilárd | |
| 245 | 1 | 2 | |a A nyelv olykor leigáz |h [elektronikus dokumentum] : |b beszélgetés Odorics Ferenc docenssel / |c Podmaniczky Szilárd |
| 260 | |c 1997-04-21 | ||
| 300 | |a 11 | ||
| 490 | 0 | |a Délmagyarország |v 87 No. 92 | |
| 695 | |a Odorics Ferenc | ||